Secret Story 13 - Candidats par photo - Statistiques

Statistiques générales
  • Ce quiz a été pris 379 fois
  • Le résultat moyen est 13 sur 14
Statistiques - réponses
Par images Réponse % Correct
Romy
100%
Pimprenelle
99%
Ethan
98%
Noah
98%
Constance
97%
Mayer
97%
Célia
96%
Aimed
95%
Anita
95%
Adrien
94%
Marianne
94%
Damien
93%
Théo
92%
Drea
91%
Aucun quiz correspondant
Distribution des résultats
% des personnes avec chaque résultat
Percentile par nombre de réponses
Votre historique - résultats
Vous n’avez pas pris ce quiz